UBT Library

Human anatomy / (Record no. 40950)

000 -LEADER
fixed length control field 00564nam a2200217 a 4500
001 - CONTROL NUMBER
control field 2035184
005 - DATE AND TIME OF LATEST TRANSACTION
control field 20180125074109.0
008 - FIXED-LENGTH DATA ELEMENTS--GENERAL INFORMATION
fixed length control field 940408s1994 iaua 001 0 eng
010 ## - LIBRARY OF CONGRESS CONTROL NUMBER
LC control number 92075379
020 ## - INTERNATIONAL STANDARD BOOK NUMBER
International Standard Book Number 0697122522
040 ## - CATALOGING SOURCE
Original cataloging agency DLC
Transcribing agency DLC
041 ## - LANGUAGE CODE
Language code of text/sound track or separate title eng
080 ## - UNIVERSAL DECIMAL CLASSIFICATION NUMBER
Universal Decimal Classification number 611 HOL
082 00 - DEWEY DECIMAL CLASSIFICATION NUMBER
Classification number 611 HOL
Edition number 20
100 1# - Rafti
Rafti 7
101 ## - Shkurtesa
Shkurtesa ANA
245 10 - TITLE STATEMENT
Title Human anatomy /
Statement of responsibility, etc John W. Hole, Jr., Karen A. Koos.
906 ## - LOCAL DATA ELEMENT F, LDF (RLIN)
a 7
b cbc
c orignew
d 2
e opcn
f 19
g y-gencatlg
942 ## - ADDED ENTRY ELEMENTS (KOHA)
Source of classification or shelving scheme
Item type Books
Holdings
Withdrawn status Lost status Source of classification or shelving scheme Damaged status Not for loan Collection code Permanent location Current location Shelving location Date acquired Total Checkouts Full call number Barcode Date last seen Price effective from Koha item type
          Koleksioni i përgjithshem UBT - Lipjan UBT - Lipjan Koleksioni i përgjithshem 01/25/2018   611 HOL 002-2996526 01/25/2018 01/25/2018 Books
UBT Library © 2015-2024. All rights reserved University Education for Business and Technology